[Event "Asian Nations Cup 2016"]
[Site "Abu Dhabi UAE"]
[Date "2016.03.28"]
[Round "1.2"]
[White "AlShourfaa, Hazaa"]
[Black "Batchuluun, Tsegmed"]
[Result "0-1"]
[BlackTitle "GM"]
[WhiteElo "1808"]
[BlackElo "2460"]
[WhiteTeam "Kuwait"]
[BlackTeam "Mongolia"]
[WhiteFideId "10300198"]
[BlackFideId "4900847"]
[EventDate "2016.03.28"]
[EventType "team"]

1. e4 e5 2. Nc3 Nf6 3. g3 d5 4. exd5 Nxd5 5. Bg2 Nxc3 6. bxc3 Bd6 7. Ne2 Nd7 8.
O-O O-O 9. d3 f5 10. f4 Rb8 11. fxe5 Nxe5 12. Nf4 c6 13. Be3 Qa5 14. c4 Ng4 15.
Bf2 Nxf2 16. Rxf2 Qc5 17. Qd2 Bd7 18. Rf1 Rbe8 19. Kh1 Re7 20. Re2 Rxe2 21. Nxe2
Re8 22. Nf4 Qd4 23. Qf2 Qxf2 24. Rxf2 Bxf4 25. Rxf4 Re1+ 26. Bf1 Rc1 27. Rd4 Be6
28. Kg2 Rxc2+ 29. Kf3 Kf7 30. h4 Ke7 31. Be2 c5 32. Rf4 Rxa2 33. Ke3 a5 34. g4
g6 35. gxf5 Bxf5 36. Bf3 b6 37. Bg4 Bxg4 38. Rxg4 Rh2 39. Re4+ Kd6 40. Rf4 h5
41. Rf6+ Kc7 42. Rf4 Kb7 43. Ke4 Rh3 44. Rf7+ Ka6 45. Kd5 Rxd3+ 46. Kc6 a4 47.
Rf8 Ka5 48. Ra8+ Kb4 49. Kxb6 a3 0-1

[Event "Asian Nations Cup 2016"]
[Site "Abu Dhabi UAE"]
[Date "2016.03.28"]
[Round "1.3"]
[White "Munkhgal, Gombosuren"]
[Black "Al Azmi, Khalaf"]
[Result "1-0"]
[WhiteTitle "IM"]
[WhiteElo "2419"]
[BlackElo "1842"]
[WhiteTeam "Mongolia"]
[BlackTeam "Kuwait"]
[WhiteFideId "4901266"]
[BlackFideId "10300040"]
[EventDate "2016.03.28"]
[EventType "team"]

1. d4 Nf6 2. Bg5 Ne4 3. Bf4 d5 4. Nd2 Bf5 5. Ngf3 e6 6. e3 Nd7 7. Nxe4 Bxe4 8.
Nd2 Bg6 9. h4 h6 10. h5 Bh7 11. Bd3 Bxd3 12. cxd3 Bd6 13. Qg4 Qf6 14. Bxd6 cxd6
15. Rc1 O-O 16. O-O Rac8 17. Nf3 Rc6 18. Rxc6 bxc6 19. e4 dxe4 20. dxe4 Rb8 21.
b3 Rb4 22. Rc1 c5 23. Qg3 Qe7 24. Rd1 e5 25. dxe5 dxe5 26. Qg4 Nb6 27. Qf5 Qf6
28. Nxe5 Qxf5 29. Rd8+ Kh7 30. exf5 g6 31. hxg6+ fxg6 32. f6 Rd4 33. Re8 Rf4 34.
f7 1-0

[Event "Asian Nations Cup 2016"]
[Site "Abu Dhabi UAE"]
[Date "2016.03.28"]
[Round "1.4"]
[White "Alkhaldi, Bader"]
[Black "Bilguun, Sumiya"]
[Result "0-1"]
[BlackTitle "FM"]
[WhiteElo "1943"]
[BlackElo "2363"]
[WhiteTeam "Kuwait"]
[BlackTeam "Mongolia"]
[WhiteFideId "10300171"]
[BlackFideId "4901541"]
[EventDate "2016.03.28"]
[EventType "team"]

1. d4 d5 2. c4 e6 3. Nf3 Nf6 4. g3 dxc4 5. Bg2 Be7 6. Qc2 a6 7. Qxc4 b5 8. Qc2
Bb7 9. Bd2 O-O 10. O-O Be4 11. Qc1 Nbd7 12. Ba5 Bd6 13. Nbd2 Bb7 14. Qc2 Rc8 15.
e4 e5 16. Rfe1 Qe7 17. Bh3 Rfe8 18. a3 c5 19. dxe5 Bxe5 20. Nxe5 Qxe5 21. Qd3 c4
22. Qf3 Ra8 23. Bc3 Qg5 24. Qf5 Qxf5 25. Bxf5 Nc5 26. f3 Nd3 27. Red1 Bc8 28.
Bxc8 Raxc8 29. Nf1 Nd7 30. Ne3 f6 31. Kg2 N7c5 32. Nd5 Kf7 33. Rab1 Rcd8 34. Rd2
f5 35. Ba5 Rxd5 36. exd5 Nb3 37. Rxd3 cxd3 38. Bc3 Re2+ 39. Kg1 0-1

[Event "Asian Nations Cup 2016"]
[Site "Abu Dhabi UAE"]
[Date "2016.03.28"]
[Round "1.1"]
[White "Hamdan, Marshool"]
[Black "Dzhumaev, Marat"]
[Result "0-1"]
[WhiteTitle "FM"]
[BlackTitle "GM"]
[WhiteElo "2003"]
[BlackElo "2481"]
[WhiteTeam "UAE - 2"]
[BlackTeam "Uzbekistan"]
[WhiteFideId "9303804"]
[BlackFideId "14200236"]
[EventDate "2016.03.28"]
[EventType "team"]

1. d4 Nf6 2. Nf3 e6 3. c4 Bb4+ 4. Bd2 Bxd2+ 5. Nbxd2 O-O 6. e4 d6 7. Be2 e5 8.
dxe5 dxe5 9. Nxe5 Qd4 10. Nef3 Qxb2 11. O-O Nc6 12. Qb3 Qxb3 13. axb3 Re8 14.
Bd3 Bg4 15. Rae1 Rad8 16. Bb1 Nd4 17. Re3 Nxf3+ 18. Nxf3 Bxf3 19. gxf3 Nh5 20.
Bd3 Nf4 21. Be2 Rd2 22. Re1 Re6 23. e5 Rg6+ 24. Kh1 Ng2 25. Bd3 Nxe1 26. Bxg6
Rd1 27. Be4 Nc2+ 28. Kg2 Nxe3+ 29. fxe3 Rd2+ 30. Kg3 Rb2 31. f4 Rxb3 32. Kf3 a5
33. f5 a4 34. c5 a3 35. Bd5 a2 36. e6 Rxe3+ 37. Kxe3 a1=Q 38. exf7+ Kf8 0-1

[Event "Asian Nations Cup 2016"]
[Site "Abu Dhabi UAE"]
[Date "2016.03.28"]
[Round "1.2"]
[White "Barsov, Alexei"]
[Black "Ammar, Sedrani"]
[Result "1-0"]
[WhiteTitle "GM"]
[BlackTitle "FM"]
[WhiteElo "2460"]
[BlackElo "1701"]
[WhiteTeam "Uzbekistan"]
[BlackTeam "UAE - 2"]
[WhiteFideId "14200082"]
[BlackFideId "9312331"]
[EventDate "2016.03.28"]
[EventType "team"]

1. d4 d5 2. c4 e6 3. Nc3 c6 4. cxd5 exd5 5. Qc2 Bd6 6. Nf3 Nf6 7. Bg5 Nbd7 8. e3
h6 9. Bh4 O-O 10. Bd3 Re8 11. O-O b6 12. e4 Be7 13. e5 Nh5 14. e6 fxe6 15. Bh7+
Kh8 16. Bg6 Bxh4 17. Bxe8 Qxe8 18. Nxh4 Nf8 19. f4 g6 20. Rae1 Qf7 21. Nf3 Bb7
22. Ne5 Qf6 23. Qd2 Kh7 24. g4 Ng7 25. Ne2 Rc8 26. g5 Qe7 27. gxh6 Nf5 28. Ng3
Nxh6 29. Nf3 Qf6 30. Ng5+ Kg8 31. Rf2 Ba6 32. Rg2 Kh8 33. Nf3 Bb7 34. Ne5 Ng8
35. Re3 Ne7 36. Ra3 Ra8 37. f5 exf5 38. Qh6+ Nh7 39. Ne2 1-0

[Event "Asian Nations Cup 2016"]
[Site "Abu Dhabi UAE"]
[Date "2016.03.28"]
[Round "1.4"]
[White "Khoroshev, Nikita"]
[Black "Abdulla, Al-Hamed"]
[Result "1-0"]
[WhiteTitle "FM"]
[WhiteElo "2337"]
[BlackElo "1871"]
[WhiteTeam "Uzbekistan"]
[BlackTeam "UAE - 2"]
[WhiteFideId "14200287"]
[BlackFideId "9302328"]
[EventDate "2016.03.28"]
[EventType "team"]

1. e4 c5 2. Nc3 d6 3. d3 Nc6 4. g3 g6 5. Bg2 Bg7 6. f4 Nf6 7. Nf3 O-O 8. O-O Bg4
9. h3 Bxf3 10. Bxf3 Rb8 11. Be3 Nd7 12. g4 Nd4 13. Qd2 b5 14. f5 b4 15. Nd1 a5
16. c3 Nxf3+ 17. Rxf3 Ne5 18. Rg3 d5 19. Qe2 d4 20. cxd4 cxd4 21. Bf4 a4 22. Rc1
Rc8 23. Rg2 Rxc1 24. Bxc1 b3 25. a3 Qd7 26. Nf2 Rc8 27. Qd1 Qb5 28. Rg3 Rc2 29.
Kg2 Qc6 30. Bd2 Rxb2 1-0

[Event "Asian Nations Cup 2016"]
[Site "Abu Dhabi UAE"]
[Date "2016.03.28"]
[Round "1.1"]
[White "Salem, A.R. Saleh"]
[Black "Shrestha, Bilam Lal"]
[Result "1-0"]
[WhiteTitle "GM"]
[BlackTitle "FM"]
[WhiteElo "2615"]
[BlackElo "2026"]
[WhiteTeam "UAE - 1"]
[BlackTeam "Nepal"]
[WhiteFideId "9301348"]
[BlackFideId "12300047"]
[EventDate "2016.03.28"]
[EventType "team"]

1. e4 e5 2. Nf3 Nc6 3. Bc4 Nf6 4. d3 Bc5 5. c3 O-O 6. O-O d5 7. exd5 Nxd5 8. Re1
Bg4 9. Nbd2 Nb6 10. Bb5 Bd6 11. h3 Bh5 12. Ne4 f5 13. Ng3 Bxf3 14. Qxf3 Qd7 15.
d4 exd4 16. Bxc6 Qxc6 17. Qxc6 bxc6 18. cxd4 a5 19. Bd2 Nc4 20. Bc3 a4 21. Rac1
Rab8 22. Rc2 Rb5 23. Nf1 Rfb8 24. Ne3 Nxb2 25. Bxb2 Rxb2 26. Rxc6 Re8 27. Ra1 a3
28. Rc3 g6 29. g3 Ra8 30. Nc4 Bb4 31. Rd3 Rc2 32. Ne3 Rd2 33. Rxd2 Bxd2 34. Nc2
Bc3 35. Rd1 Rd8 36. Rd3 Bb2 37. Nxa3 Bxd4 38. Kf1 c5 39. Nc2 Kf7 40. Nxd4 cxd4
41. Ke2 Ke6 42. Ra3 h5 43. Kd3 h4 44. gxh4 Rh8 45. Ra6+ Ke5 46. Rxg6 Ra8 47. f4+
Kxf4 48. Kxd4 Rxa2 49. h5 Rh2 50. h6 Rxh3 51. Kd5 Ke3 52. Ke6 f4 53. Kf7 f3 54.
Re6+ Kf4 55. Rf6+ Ke3 56. Re6+ Kf4 57. Rf6+ Ke3 1-0

[Event "Asian Nations Cup 2016"]
[Site "Abu Dhabi UAE"]
[Date "2016.03.28"]
[Round "1.2"]
[White "Shrestha, Rajendra Prasad"]
[Black "Omar, Noaman"]
[Result "0-1"]
[BlackTitle "IM"]
[WhiteElo "1922"]
[BlackElo "2383"]
[WhiteTeam "Nepal"]
[BlackTeam "UAE - 1"]
[WhiteFideId "12300489"]
[BlackFideId "9300244"]
[EventDate "2016.03.28"]
[EventType "team"]

1. d4 Nf6 2. Nf3 g6 3. Bf4 Bg7 4. e3 O-O 5. c3 d5 6. h3 b6 7. Nbd2 Bb7 8. a4
Nbd7 9. a5 c5 10. Qa4 cxd4 11. exd4 Ne4 12. a6 b5 13. Qxb5 Bc8 14. Qxd5 Nxd2 15.
Nxd2 Nb6 16. Qxd8 Rxd8 17. Bc7 Rd7 18. Bg3 0-1

[Event "Asian Nations Cup 2016"]
[Site "Abu Dhabi UAE"]
[Date "2016.03.28"]
[Round "1.3"]
[White "Saeed, Ishaq"]
[Black "Shrestha, Sujendra Prasad"]
[Result "1-0"]
[WhiteTitle "FM"]
[BlackTitle "FM"]
[WhiteElo "2286"]
[BlackElo "1893"]
[WhiteTeam "UAE - 1"]
[BlackTeam "Nepal"]
[WhiteFideId "9301453"]
[BlackFideId "12300519"]
[EventDate "2016.03.28"]
[EventType "team"]

1. d4 Nf6 2. c4 c5 3. d5 e6 4. Nc3 exd5 5. cxd5 d6 6. e4 g6 7. f4 Bg7 8. Bb5+
Nfd7 9. Nf3 a6 10. Bd3 O-O 11. a4 Re8 12. O-O c4 13. Bxc4 Bxc3 14. bxc3 Rxe4 15.
Bd3 Re8 16. Bc2 Nf6 17. f5 Nbd7 18. Bg5 Qb6+ 19. Nd4 Ne4 20. Bxe4 Rxe4 21. Qf3
Rxd4 22. cxd4 Qxd4+ 23. Be3 Qg7 24. f6 Qf8 25. Bd4 Rb8 26. Rfe1 Nc5 27. Re7 b6
28. Rae1 Bf5 29. a5 bxa5 30. Bxc5 dxc5 31. g4 Bc2 32. d6 1-0

[Event "Asian Nations Cup 2016"]
[Site "Abu Dhabi UAE"]
[Date "2016.03.28"]
[Round "1.4"]
[White "Baidya, Arun Shankar"]
[Black "Khouri, Ahmed Abbas"]
[Result "0-1"]
[BlackTitle "FM"]
[WhiteElo "1719"]
[BlackElo "2062"]
[WhiteTeam "Nepal"]
[BlackTeam "UAE - 1"]
[WhiteFideId "12305251"]
[BlackFideId "9301518"]
[EventDate "2016.03.28"]
[EventType "team"]

1. e4 c5 2. Nf3 e6 3. d4 cxd4 4. Nxd4 a6 5. Be3 Qc7 6. Qd2 Nf6 7. f3 d5 8. Bd3
Bd6 9. g4 dxe4 10. Bxe4 Nxe4 11. fxe4 Nd7 12. Nc3 Bb4 13. Nde2 Nf6 14. Qd4 Bxc3+
15. Nxc3 e5 16. Qd2 Bxg4 17. Rg1 Rd8 18. Qf2 Qc4 19. h3 Bh5 20. Rxg7 Nxe4 21.
Qf5 Nxc3 22. Qxe5+ Qe6 23. Qxc3 Rc8 24. Qd4 Rc4 25. Qd2 Qxh3 26. Qd3 Qh4+ 27.
Bf2 Re4+ 28. Kf1 Qh1+ 29. Rg1 Be2+ 30. Qxe2 Qh3+ 31. Ke1 Qf3 32. Qxe4+ Qxe4+ 33.
Kd2 Qb4+ 34. Kd3 Kd7 35. a3 Qb5+ 36. Kd2 Qd5+ 37. Kc1 Qf3 38. Rd1+ Kc6 39. Bd4
Rd8 40. c3 Rg8 41. Kc2 Rg2+ 42. Kb3 b5 43. Rac1 f5 44. a4 Qe2 45. c4 Rg3+ 46.
Kb4 Qe7+ 47. c5 a5+ 48. Kxa5 Qa7+ 0-1

[Event "Asian Nations Cup 2016"]
[Site "Abu Dhabi UAE"]
[Date "2016.03.28"]
[Round "1.1"]
[White "Zayed, Ali Al-hamed"]
[Black "Mohammed, Zozek Salah Mohammed"]
[Result "0-1"]
[BlackTitle "FM"]
[WhiteElo "1987"]
[BlackElo "2256"]
[WhiteTeam "UAE - 3"]
[BlackTeam "Iraq"]
[WhiteFideId "9303340"]
[BlackFideId "4803361"]
[EventDate "2016.03.28"]
[EventType "team"]

1. e4 d6 2. d4 g6 3. Nc3 Bg7 4. Be3 Nd7 5. Qd2 a6 6. h4 h5 7. Nh3 Ngf6 8. f3 b5
9. Ng5 O-O 10. Be2 c5 11. a4 b4 12. Nd1 a5 13. d5 Qb6 14. Nf2 Ba6 15. f4 Bxe2
16. Qxe2 Qa6 17. Rd1 Qxe2+ 18. Kxe2 b3 19. cxb3 Rfb8 20. Rd3 c4 21. bxc4 Rxb2+
22. Rd2 Rb4 23. Rc1 Rc8 24. Rdc2 Rxa4 25. Nd3 Ng4 26. Bg1 Bf6 27. Nf3 Rb8 28. g3
e6 29. Nd2 e5 30. c5 dxc5 31. Bxc5 exf4 32. gxf4 Bxh4 33. e5 Re8 34. Nc4 g5 35.
Nd6 Nxc5 36. Nxc5 Rxf4 37. Nxe8 Nxe5 38. Rf1 Rd4 39. Rf5 Nc4 40. Nf6+ Kg7 41.
Nb3 Rf4 42. Nxh5+ Kg6 43. Rxf4 gxf4 44. Nxf4+ 0-1

[Event "Asian Nations Cup 2016"]
[Site "Abu Dhabi UAE"]
[Date "2016.03.28"]
[Round "1.2"]
[White "Ismael, Namir Mohammed Ismael"]
[Black "Mansour, Abbas"]
[Result "1-0"]
[WhiteTitle "CM"]
[WhiteElo "2169"]
[BlackElo "1818"]
[WhiteTeam "Iraq"]
[BlackTeam "UAE - 3"]
[WhiteFideId "4800800"]
[BlackFideId "9301402"]
[EventDate "2016.03.28"]
[EventType "team"]

1. d4 d5 2. c4 c6 3. Nf3 Nf6 4. Nc3 dxc4 5. a4 a5 6. Ne5 Qc7 7. e4 Nbd7 8. Bf4
Nxe5 9. Bxe5 Qb6 10. Bxc4 e6 11. O-O Be7 12. d5 exd5 13. exd5 Bg4 14. Qd2 O-O
15. Qg5 h6 16. Qf4 Bd7 17. d6 Bd8 18. Bd4 Qb4 19. b3 c5 20. Bxf6 Bxf6 21. Nd5
Bg5 22. Qg3 Qd2 23. h4 Bd8 24. Rfd1 Qb2 25. Rab1 Qa2 26. Qc3 Bxh4 27. g3 Bf6 28.
Nxf6+ gxf6 29. Ra1 Qxa1 30. Qxa1 Kg7 31. Bd5 Rab8 32. Qc3 b6 33. Kg2 Rbd8 34.
Qc4 Rfe8 35. Bxf7 Re5 36. Bd5 Bf5 37. Bf3 Be6 38. Qb5 c4 39. Qxb6 Rd7 40. bxc4
Bxc4 41. Bc6 Re4 42. Qc5 1-0

[Event "Asian Nations Cup 2016"]
[Site "Abu Dhabi UAE"]
[Date "2016.03.28"]
[Round "1.3"]
[White "Al-Zaabi, Sultan"]
[Black "Salih, Akar Ali Salih"]
[Result "0-1"]
[WhiteTitle "CM"]
[BlackTitle "FM"]
[WhiteElo "1817"]
[BlackElo "2279"]
[WhiteTeam "UAE - 3"]
[BlackTeam "Iraq"]
[WhiteFideId "9307583"]
[BlackFideId "4800575"]
[EventDate "2016.03.28"]
[EventType "team"]

1. g4 d5 2. Bg2 Bxg4 3. c4 c6 4. cxd5 Qd7 5. Nc3 Nf6 6. h3 Bh5 7. Qb3 cxd5 8.
Nxd5 Nc6 9. Nf4 e5 10. Nxh5 Nxh5 11. e3 Nb4 12. a3 Nd3+ 13. Kf1 Rc8 14. Ne2 Nc5
15. Qd1 Nd3 16. Nc3 Nf6 17. Qf3 Nxc1 18. Rxc1 Qxd2 19. Rd1 Qxb2 20. Nd5 Nd7 21.
Qf5 Rc1 22. Nf6+ Nxf6 23. Bf3 Rxd1+ 24. Bxd1 Nd7 25. Bg4 Qb5+ 26. Kg2 g6 27. Qg5
f5 28. Bf3 Be7 29. Qh6 e4 30. Bd1 Kf7 31. h4 Nf6 32. a4 Qb4 33. h5 Rg8 34. Kh3
g5 35. Rg1 Bf8 0-1

[Event "Asian Nations Cup 2016"]
[Site "Abu Dhabi UAE"]
[Date "2016.03.28"]
[Round "1.4"]
[White "Abdulwahhab, Ahmed Abdulsattar A"]
[Black "Ali, Abdulaziz"]
[Result "0-1"]
[WhiteTitle "FM"]
[WhiteElo "2279"]
[BlackElo "1910"]
[WhiteTeam "Iraq"]
[BlackTeam "UAE - 3"]
[WhiteFideId "4801849"]
[BlackFideId "9304347"]
[EventDate "2016.03.28"]
[EventType "team"]

1. e4 c5 2. Nf3 d6 3. d4 cxd4 4. Nxd4 Nf6 5. Nc3 a6 6. h3 e5 7. Nde2 h5 8. g3
Be7 9. Bg2 Be6 10. Bg5 b5 11. O-O Nbd7 12. a4 b4 13. Nd5 Nxd5 14. exd5 Bf5 15.
Bxe7 Qxe7 16. Re1 O-O 17. Nd4 Qg5 18. Nc6 a5 19. h4 Qf6 20. Qxh5 Bxc2 21. Qe2
Bh7 22. Be4 Bxe4 23. Qxe4 Nc5 24. Qc4 Rfe8 25. Re3 e4 26. Qd4 Qg6 27. b3 f5 28.
Kf1 Qg4 29. Qd1 Qh3+ 30. Ke2 Nd3 31. Qf1 Qg4+ 32. Kd2 Qg6 33. f3 Qf6 34. fxe4
Qb2+ 35. Kxd3 fxe4+ 0-1

[Event "Asian Nations Cup 2016"]
[Site "Abu Dhabi UAE"]
[Date "2016.03.28"]
[Round "1.1"]
[White "Abdyjapar, Asyl"]
[Black "Khusenkhojaev, Muhammad"]
[Result "1/2-1/2"]
[WhiteTitle "IM"]
[BlackTitle "IM"]
[WhiteElo "2385"]
[BlackElo "2416"]
[WhiteTeam "Kyrgyzstan"]
[BlackTeam "Tajikistan"]
[WhiteFideId "13800337"]
[BlackFideId "14700247"]
[EventDate "2016.03.28"]
[EventType "team"]

1. d4 Nf6 2. c4 e6 3. Nf3 d5 4. e3 b6 5. a3 Bb7 6. Nc3 Bd6 7. Qa4+ c6 8. cxd5
exd5 9. Bd3 O-O 10. O-O c5 11. Rd1 c4 12. Bf5 a6 13. Qc2 Re8 14. e4 dxe4 15. Ne5
Nbd7 16. Nxc4 Bxh2+ 17. Kxh2 Qc7+ 18. Kg1 Qxc4 19. Nxe4 Qd5 20. Nxf6+ Nxf6 21.
f3 Bc8 22. Bxc8 Raxc8 23. Qd3 b5 24. Be3 h6 25. a4 Rb8 26. Bf4 Rb6 27. a5 Rbe6
28. Rdc1 Nh5 29. Bd2 Ng3 30. Rc5 Qd6 31. Bc3 Ne2+ 32. Kf1 Re3 33. Qf5 Ng3+ 1/2-1/2

[Event "Asian Nations Cup 2016"]
[Site "Abu Dhabi UAE"]
[Date "2016.03.28"]
[Round "1.4"]
[White "Antonova, Nadezhda"]
[Black "Kenenbaev, Aidar"]
[Result "0-1"]
[WhiteTitle "WFM"]
[WhiteElo "1956"]
[BlackElo "2042"]
[WhiteTeam "Tajikistan"]
[BlackTeam "Kyrgyzstan"]
[WhiteFideId "14700182"]
[BlackFideId "13801180"]
[EventDate "2016.03.28"]
[EventType "team"]

1. e4 e5 2. Nf3 Nc6 3. c3 d5 4. Qa4 Qd6 5. Bb5 Bd7 6. exd5 Qxd5 7. O-O a6 8. c4
Qd6 9. Nc3 O-O-O 10. d3 f5 11. Ng5 Qg6 12. Bxa6 bxa6 13. Qxa6+ Kb8 14. Be3 Bc8
15. Qb5+ Bb7 16. f4 Rxd3 17. Nd5 Rxe3 18. Nxe3 exf4 19. Qxf5 Nh6 20. Qxf4 Bd6
21. Qh4 Be7 22. Nd5 Qxg5 23. Qe4 Bc5+ 24. Kh1 Ng4 25. Qf3 Rf8 26. Qxf8+ Bxf8 27.
Rxf8+ Nd8 28. h3 Bxd5 29. hxg4 Bc6 30. Rd1 Bxg2+ 31. Kh2 Qh4+ 32. Kg1 Qh1+ 33.
Kf2 Qxd1 0-1

[Event "Asian Nations Cup 2016"]
[Site "Abu Dhabi UAE"]
[Date "2016.03.29"]
[Round "2.1"]
[White "Murshed, Niaz"]
[Black "Bu, Xiangzhi"]
[Result "0-1"]
[WhiteTitle "GM"]
[BlackTitle "GM"]
[WhiteElo "2446"]
[BlackElo "2724"]
[WhiteTeam "Bangladesh"]
[BlackTeam "China"]
[WhiteFideId "10200010"]
[BlackFideId "8601445"]
[EventDate "2016.03.28"]
[EventType "team"]

1. d4 Nf6 2. c4 e6 3. Nf3 Bb4+ 4. Bd2 a5 5. g3 d6 6. Bg2 Nbd7 7. O-O e5 8. Nc3
O-O 9. Nd5 Bxd2 10. Qxd2 Re8 11. dxe5 dxe5 12. Rfd1 Nxd5 13. cxd5 Nf6 14. Ng5 e4
15. d6 cxd6 16. Qxd6 Qxd6 17. Rxd6 h6 18. Nh3 Ra6 19. Rad1 Rxd6 20. Rxd6 Be6 21.
b3 Rc8 22. Nf4 Rc1+ 23. Bf1 Bd7 24. Kg2 Bc6 25. e3 Rc2 26. a4 Kf8 27. h3 Ke7 28.
Rd1 g5 29. Ne2 Nd5 30. Re1 Rd2 31. Kg1 Nb4 32. Nd4 Nd3 33. Bxd3 exd3 34. e4 Kd6
35. Nf3 Rb2 36. Re3 Rxb3 0-1

[Event "Asian Nations Cup 2016"]
[Site "Abu Dhabi UAE"]
[Date "2016.03.29"]
[Round "2.2"]
[White "Wang, Yue"]
[Black "Mohammad, Minhaz Uddin"]
[Result "1-0"]
[WhiteTitle "GM"]
[BlackTitle "IM"]
[WhiteElo "2718"]
[BlackElo "2436"]
[WhiteTeam "China"]
[BlackTeam "Bangladesh"]
[WhiteFideId "8601429"]
[BlackFideId "10201955"]
[EventDate "2016.03.28"]
[EventType "team"]

1. d4 Nf6 2. c4 e6 3. Nc3 Bb4 4. e3 O-O 5. Ne2 d6 6. a3 Bxc3+ 7. Nxc3 e5 8. Be2
Nc6 9. d5 Ne7 10. b4 a5 11. Bb2 c6 12. dxc6 Nxc6 13. b5 Ne7 14. c5 dxc5 15. Qxd8
Rxd8 16. Na4 Ng6 17. Rc1 Be6 18. Nxc5 b6 19. Nxe6 fxe6 20. Bf3 Rac8 21. Rxc8
Rxc8 22. Kd2 Nd7 23. Be4 Nc5 24. Bc2 e4 25. Ke2 Nf8 26. Rc1 Rd8 27. Bd4 Nfd7 28.
Rd1 Rb8 29. Bxc5 Nxc5 30. Rd4 e5 31. Rc4 Kf7 32. Bxe4 h6 33. Bd5+ Kf6 34. h4 Rd8
35. e4 Rd7 36. Rc3 g6 37. Ke3 Rc7 38. Rc1 Ne6 39. Rc6 Rxc6 40. bxc6 b5 41. g3
Ke7 42. f4 exf4+ 43. gxf4 Nc7 44. Kd4 1-0

[Event "Asian Nations Cup 2016"]
[Site "Abu Dhabi UAE"]
[Date "2016.03.29"]
[Round "2.3"]
[White "Mollah Abdullah, Al Rakib"]
[Black "Wei, Yi"]
[Result "1/2-1/2"]
[WhiteTitle "GM"]
[BlackTitle "GM"]
[WhiteElo "2478"]
[BlackElo "2714"]
[WhiteTeam "Bangladesh"]
[BlackTeam "China"]
[WhiteFideId "10200444"]
[BlackFideId "8603405"]
[EventDate "2016.03.28"]
[EventType "team"]

1. d4 Nf6 2. c4 g6 3. Nf3 Bg7 4. e3 O-O 5. Be2 c5 6. d5 e6 7. Nc3 exd5 8. cxd5
d6 9. Nd2 Nbd7 10. O-O Qe7 11. Re1 h5 12. h3 h4 13. a4 g5 14. a5 Ne5 15. f4 Ng6
16. Nf3 Nh7 17. Bd2 Bd7 18. Qc2 f5 19. Bd3 Qf6 20. a6 b6 21. Rab1 Bh6 22. e4
gxf4 23. exf5 Ne5 24. Rxe5 dxe5 25. Ne4 Qg7 26. Bc3 Rae8 27. Re1 c4 28. Bxc4
Bxf5 29. d6+ Kh8 30. d7 Qxd7 31. Nxe5 Rxe5 32. Bxe5+ Bg7 33. Qc3 f3 34. Bxg7+
Qxg7 35. Qxg7+ Kxg7 36. gxf3 Bxh3 37. Nf2 Ng5 38. Re7+ Kf6 39. Re3 Bf5 40. f4
Ne6 1/2-1/2

[Event "Asian Nations Cup 2016"]
[Site "Abu Dhabi UAE"]
[Date "2016.03.29"]
[Round "2.4"]
[White "Lu, Shanglei"]
[Black "Hossain, Enamul"]
[Result "1/2-1/2"]
[WhiteTitle "GM"]
[BlackTitle "GM"]
[WhiteElo "2620"]
[BlackElo "2426"]
[WhiteTeam "China"]
[BlackTeam "Bangladesh"]
[WhiteFideId "8603332"]
[BlackFideId "10200649"]
[EventDate "2016.03.28"]
[EventType "team"]

1. e4 c5 2. Nf3 e6 3. d4 cxd4 4. Nxd4 Nc6 5. Nc3 Qc7 6. g3 a6 7. Bg2 Nf6 8. O-O
Nxd4 9. Qxd4 Bc5 10. Bf4 d6 11. Qd2 h6 12. Rad1 e5 13. Be3 Be6 14. Bxc5 dxc5 15.
Nd5 Bxd5 16. exd5 Qd6 17. f4 O-O 18. fxe5 Qxe5 19. c4 Qd6 20. Qf4 Rfd8 21. Rde1
Qxf4 22. Rxf4 Kf8 23. Re3 Rd6 24. Rb3 Rb8 25. Bf1 b6 26. Ra3 a5 27. Raf3 Re8 28.
Kg2 Re7 29. Bd3 Nd7 30. Rf2 Rf6 31. Bf5 Ne5 32. b3 g6 33. Bc8 Rxf4 34. gxf4 Nd3
35. Rf1 Re8 36. Ba6 f5 37. h4 Re4 38. Kg3 h5 39. Bb7 Re3+ 40. Rf3 Rxf3+ 41. Kxf3
Nc1 42. Bc6 Nxa2 43. Ke3 Nb4 44. Ba4 Nc2+ 45. Kd2 Nd4 46. Ke3 Kf7 47. Kf2 Ke7
48. Ke3 Nc2+ 49. Kd2 Nd4 1/2-1/2

[Event "Asian Nations Cup 2016"]
[Site "Abu Dhabi UAE"]
[Date "2016.03.29"]
[Round "2.1"]
[White "Adhiban, Baskaran"]
[Black "Gundavaa, Bayarsaikhan"]
[Result "1-0"]
[WhiteTitle "GM"]
[BlackTitle "GM"]
[WhiteElo "2663"]
[BlackElo "2517"]
[WhiteTeam "India"]
[BlackTeam "Mongolia"]
[WhiteFideId "5018471"]
[BlackFideId "4901045"]
[EventDate "2016.03.28"]
[EventType "team"]

1. e4 e5 2. Nf3 Nc6 3. d4 exd4 4. Nxd4 Qf6 5. Nxc6 Bc5 6. Qf3 Qxf3 7. gxf3 bxc6
8. Nd2 Ne7 9. Nb3 Bb6 10. a4 a5 11. Be3 f5 12. Bxb6 cxb6 13. e5 Ba6 14. Bxa6
Rxa6 15. O-O-O Ra7 16. Rd6 f4 17. e6 dxe6 18. Rxe6 Rd7 19. Rhe1 Kf7 20. Nd2 Rhd8
21. Nc4 b5 22. Nxa5 Ra8 23. Rxe7+ Rxe7 24. Rxe7+ Kxe7 25. Nxc6+ Kd6 26. axb5
Ra1+ 27. Kd2 Rh1 28. Nd4 Rxh2 29. b6 Kd7 30. c4 Rxf2+ 31. Kc3 h5 32. c5 h4 33.
c6+ Kd6 34. b7 Kc7 35. Ne6+ Kb8 36. Nc5 1-0